000 00560nam a22001937a 4500
003 KOHA_MİRAKIL
005 20251024150502.0
008 251024b tu ||||| |||| 00| 0 tur d
020 _a9786052987377
040 _aTR-AnABB
_btur
_cTR-AnABB
041 _atur
082 _a808.86
_bROT 2020
100 1 _aRoth, Joseph,
245 1 0 _aBenimle dostluk zordur mektuplaşmalar /
_cJoseph Roth
260 _aİstanbul :
_bKırmızı Kedi Yayınları,
_c2020
300 _a470 sayfa ;
_c21 cm
650 0 4 _aFransız edebiyatı, roman
942 _2ddc
_cBK
999 _c9206
_d9206
900 _bGizem YORULMAZ